The effect of light on population growth kinetics of photosynthetic algae /
محفوظ في:
| المؤلف الرئيسي: | |
|---|---|
| التنسيق: | أطروحة كتاب |
| اللغة: | English |
| منشور في: |
1988.
|
| الموضوعات: | |
| الوسوم: |
إضافة وسم
لا توجد وسوم, كن أول من يضع وسما على هذه التسجيلة!
|
| LEADER | 00818nam a2200253 4500 | ||
|---|---|---|---|
| 001 | u85805 | ||
| 003 | SIRSI | ||
| 008 | 890819s1988 si v 0 eng | ||
| 015 | |a X890085417 | ||
| 035 | |a AAJ-3319 | ||
| 040 | |a UMM | ||
| 050 | 1 | |a QK565 | |
| 090 | 0 | 0 | |a QK565 |b Tan |
| 100 | 1 | 0 | |a Tan, Chor Koon |
| 245 | 1 | 4 | |a The effect of light on population growth kinetics of photosynthetic algae / |c by Tan Chor Koon |
| 260 | |c 1988. | ||
| 300 | |a xix, 208 leaves : |b ill. ; |c 29cm | ||
| 502 | |a Dissertation (M.Sc.) -- National University of Singapore, 1988 | ||
| 504 | 0 | 0 | |a Bibliography: leaves 180-208 |
| 650 | 0 | |a Algae |x Physiology | |
| 650 | 0 | |a Plants, Effect of light on | |
| 948 | |a 17/03/1991 |b 17/03/1991 | ||
| 596 | |a 1 | ||
| 999 | |a QK565 TAN |w LC |c 1 |i A010595994 |d 14/1/2013 |e 14/1/2013 |l STACKS |m P01UTAMA |n 2 |r Y |s Y |t TESIS |u 10/1/1992 | ||
